000 01103cam a2200313 a 4500
001 11868078
003 ARRUPE
005 20131001133258.0
008 991214s2000 nyua b 001 0 eng
010 _a 99087927
020 _a0802116663
040 _aDLC
_cDLC
_dDLC
043 _ae------
050 0 0 _aJV305
_b.C63 2000
082 0 0 _a909
_221
100 1 _aCocker, Mark,
_d1959-
_91834
245 1 0 _aRivers of blood, rivers of gold :
_bEurope's conquest of indigenous peoples /
_cMark Cocker.
250 _a1st American ed.
260 _aNew York :
_bGrove Press,
_c[2000]
300 _axvi, 416 p. :
_bill. ;
_c24 cm.
504 _aIncludes bibliographical references (p. 371-401) and index.
650 0 _aImperialism.
_92
650 0 _aIndigenous peoples.
_91835
650 0 _aTribes.
_91836
651 0 _aEurope
_xColonies
_xHistory.
_91837
906 _a7
_bcbc
_corignew
_d1
_eocip
_f19
_gy-gencatlg
942 _2lcc
_cMONOGRAPH
999 _c118182
_d118182